00837nam a22002417a 45000010005000000030006000050050017000110080041000280200018000690400029000870500018001160820011001341000021001452450078001662600042002443000047002865050008003335200149003415210020004905210020005106500031005307000034005617009FISKH20250617110519.0250617b cb ||||| |||| 00| 0 eng d a9781572552098 aFISKHbengcFISKHdFISKH aQL568.F7 B655 a595.79 aBrenner, Barbara aThinking about ants /cby Barbara Brenner : Illustrated by Carol Schwartz aNew York :bMondo Publishing ,c1996. a32 pages :bcolor illustrations ;c26 cm . aK  aAsks the reader to imagine what it would be like to be an ant, describing what ants look like, what they eat, where and how they live, and more.8 a510 bLexile 8 aK bRaz-Plus  aAntsvJuvenile Literature  aSchwartz, CaroleIllustrator